Statistics for Countries with 2014 consumer prices below zero

Click here to take the quiz!

General Stats

  • This quiz has been taken 10 times
  • The average score is 6 of 21

Answer Stats

HintAnswer% Correct
-0.9Niger
57%
-0.9Bosnia
43%
-1.4Bulgaria
43%
-0.2Croatia
43%
-0.1Estonia
43%
-1.3Greece
43%
-0.2Hungary
43%
-0.3Macedonia
43%
-0.7Montenegro
43%
-0.3Portugal
43%
-0.1Slovakia
43%
-0.1Spain
43%
-1.1Benin
29%
-0.3Burkina Faso
29%
-1.4Cyprus
29%
-1.1Senegal
14%
-0.2Sweden
14%
-0.2Brunei
0%
-0.2Cape Verde
0%
-1.0Guinea Bissau
0%
-0.3Samoa
0%

Score Distribution

Percentile by Number Answered

Percent of People with Each Score

Your Score History

You have not taken this quiz